| 000 | 00972nam a2200253 a 4500 | ||
|---|---|---|---|
| 001 | 000029922 | ||
| 005 | 20200930055918.0 | ||
| 008 | 110427s1997 dr ac 001 0 spa d | ||
| 040 |
_aDO-SdBNP _bspa _cBNPHU |
||
| 082 |
_a630.97293 _bF981u |
||
| 110 | 2 |
_aFundación para el Desarrollo Agropecuario (FDA) _956664 |
|
| 245 | 1 | 0 |
_aUna década contribuyendo al desarrollo tecnológico de la agricultura dominicana : _bmemorias 1987-1997. |
| 260 |
_aSanto Domingo : _bFDA : _bCEDAF, _c1997. |
||
| 300 |
_a117 p. : _bil., retr. ; _c30 cm. |
||
| 590 | _aInventariado,2018/DG | ||
| 650 | 4 |
_aProyectos de desarrollo agrícola _916582 |
|
| 650 | 4 |
_aAgricultura _xAspectos económicos _zRepública Dominicana _91508 |
|
| 650 | 4 |
_aDesarrollo agrícola _922046 |
|
| 650 | 4 |
_aExplotación agrícola _936240 |
|
| 650 | 4 |
_aEducación agrícola _956665 |
|
| 650 | 4 |
_aInvestigación agrícola _956666 |
|
| 650 | 4 |
_aIngeniería agrícola _956667 |
|
| 910 | _aValidado. Control de calidad EMS | ||
| 999 |
_c29414 _d29414 |
||